| 000 | 00509nam a22001817a 4500 | ||
|---|---|---|---|
| 003 | OSt | ||
| 005 | 20260126050254.0 | ||
| 008 | 260112b |||||||| |||| 00| 0 eng d | ||
| 040 |
_aDWC-Main Lib. _cOC |
||
| 082 |
_23rd ed. _aCirc. 400 K159l 2002 |
||
| 100 | _aKatzner, Kenneth | ||
| 245 |
_aThe Languages of the World/ _cKenneth Katzner |
||
| 250 | _a3rd ed. | ||
| 260 | _aRoutledge | ||
| 300 |
_aix, 384 p.; _c23 cm. |
||
| 500 | _aIncludes sources and index. | ||
| 942 |
_2ddc _cBK-CIRC _hCirc. _n0 _e3rd ed. |
||
| 999 |
_c7304 _d7304 |
||